Perioperative goal-directed hemodynamic therapy based on radial arterial pulse pressure variation and continuous cardiac index trending reduces postoperative complications after major abdominal surgery a multi-center, prospective, randomized study /

Elmentve itt :
Bibliográfiai részletek
Szerzők: Cornelie Salzwedel
Jaume Puig
Arne Carstens
Berthold Bein
Molnár Zsolt
Krisztian Kiss
Ayyaz Hussain
Javier Belda
Mikhail Y Kirov
Samir G Sakka
Daniel A Reuter
Dokumentumtípus: Cikk
Megjelent: 2013
Sorozat:CRITICAL CARE 17 No. 5
Tárgyszavak:
doi:10.1186/cc12885

mtmt:2550592
Online Access:http://publicatio.bibl.u-szeged.hu/30167
LEADER 01204nab a2200325 i 4500
001 publ30167
005 20240423093606.0
008 240423s2013 hu o 000 eng d
022 |a 1364-8535 
024 7 |a 10.1186/cc12885  |2 doi 
024 7 |a 2550592  |2 mtmt 
040 |a SZTE Publicatio Repozitórium  |b hun 
041 |a eng 
100 1 |a Cornelie Salzwedel 
245 1 0 |a Perioperative goal-directed hemodynamic therapy based on radial arterial pulse pressure variation and continuous cardiac index trending reduces postoperative complications after major abdominal surgery  |h [elektronikus dokumentum] :  |b a multi-center, prospective, randomized study /  |c  Cornelie Salzwedel 
260 |c 2013 
300 |a 11 
490 0 |a CRITICAL CARE  |v 17 No. 5 
650 4 |a Klinikai orvostan 
700 0 1 |a Jaume Puig  |e aut 
700 0 1 |a Arne Carstens  |e aut 
700 0 1 |a Berthold Bein  |e aut 
700 0 1 |a Molnár Zsolt  |e aut 
700 0 1 |a Krisztian Kiss  |e aut 
700 0 1 |a Ayyaz Hussain  |e aut 
700 0 1 |a Javier Belda  |e aut 
700 0 1 |a Mikhail Y Kirov  |e aut 
700 0 1 |a Samir G Sakka  |e aut 
700 0 1 |a Daniel A Reuter  |e aut 
856 4 0 |u http://publicatio.bibl.u-szeged.hu/30167/1/cc12885.pdf  |z Dokumentum-elérés